header

William Sloane Coffin, Jr (Record no. 124182)

MARC details
000 -LEADER
fixed length control field 01855nam a22003494a 4500
082 04 - DEWEY DECIMAL CLASSIFICATION NUMBER
Classification number 285/.1/092
-- B
100 1# - MAIN ENTRY--AUTHOR NAME
Personal name Goldstein, Warren.
245 10 - TITLE STATEMENT
Title William Sloane Coffin, Jr
260 ## - PUBLICATION, DISTRIBUTION, ETC. (IMPRINT)
Place of publication New Haven :
Name of publisher Yale University Press,
Year of publication c2004.
300 ## - PHYSICAL DESCRIPTION
Number of Pages xiii, 379 p :
Other physical details ill.
505 0# - FORMATTED CONTENTS NOTE
Formatted contents note The great war, Greenwich Village, and the Upper East Side -- Early years -- Europe : music and war -- Russians, White and Red -- The education of a warrior-priest -- From education to vocation -- "Bus-riding chaplain" -- Preaching the word : Coffin in demand -- Wading into the big muddy -- Moments of truth : civil disobedience and the draft -- Marriage and family life -- Activist episodes -- Interregnum -- Down by the riverside -- "Flunking retirement" -- A holy impatience.
650 #0 - SUBJECT ADDED ENTRY--TOPICAL TERM
Topical Term Political activists
856 40 - ELECTRONIC LOCATION AND ACCESS
Uniform Resource Identifier http://site.ebrary.com/lib/rucke/Doc?id=10210228

No items available.

© 2026 Rongo University
Contact us: librarian | system librarian | Rongo university